| 000 | 00304 a2200109 4500 | ||
|---|---|---|---|
| 020 | _a1580531415 | ||
| 082 | _a388 SUS | ||
| 100 | _aSussman, Joseph | ||
| 245 |
_aIntroduction to Transportation Systems _cJoseph Sussman |
||
| 260 |
_aBoston : _bArtech House, _c2000 |
||
| 300 |
_axxiv, 470p. : _bill ., ; _c26 cm |
||
| 650 | _aTransportation | ||
| 999 |
_c439 _d439 |
||